| 000 | 00422nam a2200157 4500 | ||
|---|---|---|---|
| 001 | 123652 | ||
| 003 | ES-MaACL | ||
| 005 | 20230906192220.0 | ||
| 007 | t| | ||
| 008 | 070214s1950 sp r ||||1| spa d | ||
| 100 | 1 |
_aRaida, Pedro. _995023 |
|
| 245 | 1 | 0 |
_aEsencias del bien / _cPedro Raida. |
| 260 |
_aMadrid : _b[s. n.], _c1950 ( _fGráf. Uguina) |
||
| 300 |
_a82 p. ; _c19 cm. |
||
| 852 |
_aES-MaACL _j1905-F-11 _bR.29117 |
||
| 999 |
_c123652 _d123652 |
||